Movies Quiz

Random Movies or Director Quiz
Score 0/100 Timer 15:00
4 Plays Today
Films Director % Correct
Alien, Blade Runner, GladiatorRidley Scott
87.7%
Jaws, Saving Private Ryan, E.T. The Extra-TerrestrialSteven Spielberg
82.7%
Reservoir Dogs, Pulp Fiction, Jackie BrownQuentin Tarantino
78.6%
Time Bandits, Monty Python And The Holy Grail, BrazilTerry Gilliam
77.9%
Star Wars, American Graffiti, THX 1138George Lucas
75.9%
Mean Streets, Taxi Driver, Raging BullMartin Scorsese
74.7%
The Godfather, Apocalypse Now, The OutsidersFrancis Ford Coppola
73.4%
Heavenly Creatures, The Fellowship Of The Ring, King KongPeter Jackson
73.1%
Unforgiven, Mystic River, The Outlaw Josey WalesClint Eastwood
72.2%
Miller's Crossing, Raising Arizona, No Country For Old MenJoel and Ethan Coen
71.3%
The Shining, Spartacus, Dr. StrangeloveStanley Kubrick
71%
Shadow Of A Doubt, Vertigo, RebeccaAlfred Hitchcock
70.8%
Hannah And Her Sisters, Broadway Danny Rose, SleeperWoody Allen
70.4%
Stand By Me, This Is Spinal Tap, The Princess BrideRob Reiner
68%
Touch Of Evil, Citizen Kane, The Magnificent AmbersonsOrson Welles
67.4%
Once Upon A Time In The West, Once Upon A Time In America, The Good, The Bad And The UglySergio Leone
67.1%
Do The Right Thing, Clockers, She's Gotta Have ItSpike Lee
66.8%
Chinatown, Repulsion, Rosemary's BabyRoman Polanski
65.1%
The Elephant Man, Wild At Heart, Blue VelvetDavid Lynch
63.4%
The Seven Samurai, Rashomon, RanAkira Kurosawa
62.3%
The Last Of The Mohicans, Heat, ManhunterMichael Mann
59.8%
There Will Be Blood, Boogie Nights, SydneyPaul Thomas Anderson
58%
The Searchers, Stagecoach, The Grapes Of WrathJohn Ford
56.6%
The Wrestler, Black Swan, Requiem For A DreamDarren Aronofsky
56.5%
Some Like It Hot, Double Indemnity, Sunset BoulevardBilly Wilder
56.2%
M*A*S*H, Gosford Park, The PlayerRobert Altman
53.9%
Metropolis, Frau Im Mond, MFritz Lang
52.6%
Videodrome, Crash, A History Of ViolenceDavid Cronenberg
52.4%
Plan 9 From Outer Space, Glen Or Glenda, Bride Of The MonsterEd Wood
52.1%
Wild Strawberries, The Seventh Seal, The Virgin SpringIngmar Bergman
51.8%
A Streetcar Named Desire, On The Waterfront, East Of EdenElia Kazan
49.1%
La Dolce Vita, La Strada, AmarcordFederico Fellini
48.9%
One Flew Over The Cuckoo's Nest, Amadeus, HairMilos Forman
47.6%
Fahrenheit 451, Jules Et Jim, The 400 BlowsFrançois Truffaut
47.4%
Films Director % Correct
Dog Day Afternoon, Network, Long Day's Journey Into NightSidney Lumet
46.7%
The Bitter Tea Of General Yen, It's A Wonderful Life, It Happened One NightFrank Capra
46.5%
Badlands, The Thin Red Line, Days Of HeavenTerrence Malick
45.7%
The Asphalt Jungle, The Maltese Falcon, The Treasure Of The Sierra MadreJohn Huston
44%
The Wild Bunch, The Getaway, Pat Garrett And Billy The KidSam Peckinpah
42.3%
Before Sunrise, Before Sunset, School Of RockRichard Linklater
39.4%
Brief Encounter, The Bridge On The River Kwai, Blithe SpiritDavid Lean
39.2%
Aguirre, Wrath Of God, Fitzcarraldo, The Enigma Of Kaspar HauserWerner Herzog
37.7%
Master And Commander, Picnic At Hanging Rock, WitnessPeter Weir
37.4%
An American Werewolf In London, The Blues Brothers, Trading PlacesJohn Landis
35.9%
The Wizard Of Oz, Gone With The Wind, Captains CourageousVictor Fleming
34.8%
Battleship Potemkin, Alexander Nevsky, StrikeSergei Eisenstein
34.3%
Singin' In The Rain, On The Town, It's Always Fair Weather*Stanley Donen and Gene Kelly
32.7%
His Girl Friday, Scarface, Bringing Up BabyHoward Hawks
32.6%
Alphaville, À Bout De Souffle, Le MéprisJean-Luc Godard
31.8%
Casablanca, The Adventures Of Robin Hood, Yankee Doodle DandyMichael Curtiz
31.4%
The Third Man, Oliver!, Our Man In HavanaCarol Reed
30.7%
The Killing Of A Chinese Bookie, A Woman Under The Influence, Opening NightJohn Cassavetes
30.4%
Deliverance, Point Blank, ExcaliburJohn Boorman
30.1%
Nosferatu, Sunrise, Der Letzte MannF.W. Murnau
29.6%
Frankenstein, The Invisible Man, The Old Dark HouseJames Whale
27.5%
Three Colours: Red, A Short Film About Killing, The Double Life Of VeroniqueKrzysztof Kieślowski
27.2%
Life Is Sweet, Topsy-Turvy, Secrets And LiesMike Leigh
27%
La Règle Du Jeu, La Bête Humaine, This Land Is MineJean Renoir
26.7%
Meet Me In St Louis, An American In Paris, GigiVincente Minnelli
26.6%
I Know Where I'm Going, The Red Shoes, Black Narcissus*Michael Powell & Emeric Pressburger
25.4%
Freaks, Dracula, The UnknownTod Browning
25.3%
Ninotchka, To Be Or Not To Be, The Shop Around The CornerErnst Lubitsch
25%
The Philadelphia Story, The Women, Born YesterdayGeorge Cukor
24.8%
Billy Liar, Midnight Cowboy, Marathon ManJohn Schlesinger
24.3%
Don't Look Now, Walkabout, PerformanceNicolas Roeg
24.2%
Laura, The Man With The Golden Arm, Bunny Lake Is MissingOtto Preminger
22.9%
Roman Holiday, The Best Years Of Our Lives, Mrs MiniverWilliam Wyler
22.9%
Bonnie And Clyde, The Miracle Worker, The Left Handed GunArthur Penn
22.8%
Films Director % Correct
The Devils, Women In Love, The Lair Of The White WormKen Russell
22.8%
Kes, Raining Stones, Riff-RaffKen Loach
22.2%
La Passion De Jeanne D'Arc, Vampyr, MichaelCarl Dreyer
22.1%
The Grifters, My Beautiful Launderette, Dangerous LiaisonsStephen Frears
21.9%
The Lady Eve, The Palm Beach Story, Sullivan's TravelsPreston Sturges
21.6%
All About Eve, The Ghost And Mrs Muir, Guys And DollsJoseph L. Mankiewicz
20%
Shane, Swing Time, A Place In The SunGeorge Stevens
19.9%
The Great Escape, The Magnificent Seven, Bad Day At Black RockJohn Sturges
19.3%
High Noon, From Here To Eternity, Oklahoma!Fred Zinnemann
19%
Les Amants, Au Revoir Les Enfants, Lacombe, LucienLouis Malle
18.3%
If..., This Sporting Life, O Lucky Man!Lindsey Anderson
18%
All That Heaven Allows, All I Desire, Written On The WindDouglas Sirk
17.5%
Au Hasard Balthazar, Pickpocket, Les Dames Du Bois De BoulogneRobert Bresson
17.2%
Mona Lisa, The Company Of Wolves, The End Of The AffairNeil Jordan
15.5%
The Blue Angel, Shanghai Express, MoroccoJosef Von Sternberg
15.5%
All Quiet On The Western Front, The Strange Love Of Martha Ivers, Anything GoesLewis Milestone
15.5%
Strike Up The Band, Babes On Broadway, Gold Diggers Of 1935Busby Berkeley
13.8%
Sweet Smell Of Success, The Ladykillers, Whisky GaloreAlexander Mackendrick
13.8%
White Heat, They Died With Their Boots On, High SierraRaoul Walsh
12.9%
Letter From An Unknown Woman, Madame De..., Le PlaisirMax Ophüls
12.4%
La Cérémonie, Les Biches, Le BoucherClaude Chabrol
12.3%
Whatever Happened To Baby Jane?, The Dirty Dozen, The Killing Of Sister GeorgeRobert Aldrich
12.3%
Let The Right One In, Four Shades Of Brown, KontorstidTomas Alfredson
12.3%
Diary Of A Lost Girl, Pandora's Box, Westfront 1918Georg Wilhelm Pabst
12%
The Public Enemy, The Ox-Bow Incident, Beau GesteWilliam A. Wellman
10.4%
Duel In The Sun, Stella Dallas, The CitadelKing Vidor
10.3%
Distant Voices, Still Lives, The Neon Bible, The Long Day ClosesTerence Davies
9.6%
Get Carter, Croupier, Flash GordonMike Hodges
9.6%
The Loneliness Of The Long Distance Runner, A Taste Of Honey, The EntertainerTony Richardson
9.3%
Mephisto, Colonel Redl, BizalomIstván Szabó
8.6%
The Hunchback Of Notre Dame, The Life Of Emile Zola, Portrait Of JennieWilliam Dieterle
6.3%
The Strange Affair Of Uncle Harry, The Spiral Staircase, The File On Thelma JordanRobert Siodmak
5.3%
Remove Ads.
Support Sporcle.
Get the best of Sporcle when you Go Orange. This ad-free experience offers more features, more stats, and more fun while also helping to support Sporcle. Thank you for becoming a member.

You're not logged in!

Compare scores with friends on all Sporcle quizzes.
OR
Log In

Show Comments

Extras

Top Quizzes Today


Score Distribution

Your Account Isn't Verified!

In order to create a playlist on Sporcle, you need to verify the email address you used during registration. Go to your Sporcle Settings to finish the process.

Report this User

Report this user for behavior that violates our Community Guidelines.

Details: